Who's who: children's writers,editors,iiustrators (Record no. 22854)

MARC details
000 -LEADER
fixed length control field 00487nam a2200157Ia 4500
082 ## - DEWEY DECIMAL CLASSIFICATION NUMBER
Classification number 928.54 WHO;
245 #0 - TITLE STATEMENT
Title Who's who: children's writers,editors,iiustrators
260 ## - PUBLICATION, DISTRIBUTION, ETC. (IMPRINT)
Place of publication New Delhi
Name of publisher Indian Council for Child Education
Year of publication 1985
300 ## - PHYSICAL DESCRIPTION
Number of Pages 136p.: photographs
650 ## - SUBJECT ADDED ENTRY--TOPICAL TERM
Topical Term Biography - Directories
650 ## - SUBJECT ADDED ENTRY--TOPICAL TERM
Topical Term Editors - Biography - India
650 ## - SUBJECT ADDED ENTRY--TOPICAL TERM
Topical Term Illustrators - Biography - India
650 ## - SUBJECT ADDED ENTRY--TOPICAL TERM
Topical Term Children's writers - Biography
700 ## - ADDED ENTRY--PERSONAL NAME
Personal name Bharti, Jai Prakash
942 ## - ADDED ENTRY ELEMENTS (KOHA)
Koha item type Books
Holdings
Withdrawn status Lost status Damaged status Not for loan Home library Current library Date acquired Bill Date Full call number Accession Number Price effective from Koha item type
        NASSDOC Library NASSDOC Library 08/06/2004 2004-10-22 928.54 WHO; 22272 18/04/2019 Books